00431 a2200145 4500050002200000100003200022245006700054264005300121300001100174500001900185650001600204651001700220700002200237700002600259 aKTL19.A35SOU 1985 aDuncan Graeme, Q.C.eeditor aThe South African Law Reportsb1985(3) JulycGraeme Duccan Q.C aJohannesburg , SA :bJUTA and Butterworth,c1985 a428 p. aIncludes index aLaw Reports aSouth Afirca aM. Barneteeditor aJ.L. Buchananeeditor